Segunda parte del promptuario del Carmen (Record no. 8389)

MARC details
000 -CABECERA
campo de control de longitud fija 01678nam a2200241 a 4500
001 - NÚMERO DE CONTROL
campo de control BRCA_8737
005 - FECHA Y HORA DE LA ÚLTIMA TRANSACCIÓN
campo de control 20190320210402.0
008 - DATOS DE LONGITUD FIJA--INFORMACIÓN GENERAL
campo de control de longitud fija 220217s1699----sp-#######---#000-0#spa-#
041 ## - CÓDIGO DE LENGUA
Código de lengua del texto/banda sonora o título independiente spa
044 ## - CÓDIGO DEL PAÍS DE LA ENTIDAD EDITORA/PRODUCTORA
Código MARC del país sp
084 ## - OTRO NÚMERO DE CLASIFICACIÓN
Número de clasificación BE95
Número de documento/Ítem .A58 1699
100 1# - ENTRADA PRINCIPAL--NOMBRE DE PERSONA
Nombre de persona Anunciación, Juan de la
Fechas asociadas al nombre 1633 - 1701
Término indicativo de función/relación Fray
9 (RLIN) 21750
245 10 - MENCIÓN DE TÍTULO
Título Segunda parte del promptuario del Carmen
Resto del título que para los religiosos Carmelitas Descalzos
Mención de responsabilidad, etc. escribe el R. Padre Fray Juan de la Anunciación, su general y se la dedica.
260 ## - PUBLICACIÓN, DISTRIBUCIÓN, ETC.
Lugar de publicación, distribución, etc. Madrid
Nombre del editor, distribuidor, etc. En la Imprenta de los Herederos de Antonio Román
Fecha de publicación, distribución, etc. 1699
300 ## - DESCRIPCIÓN FÍSICA
Extensión [14], [16], 231-638 p.
Dimensiones 21 x 15 cm
500 ## - NOTA GENERAL
Nota general Con privilegios
500 ## - NOTA GENERAL
Nota general Con marca de fuego: “Procedencia de la marca: Convento de Santa Teresa Jesús de Querétaro (1). Institución: Orden de Carmelitas Descalzos. Provincia de San Alberto de México. Descripción: Variación sobre las armas de la Orden del Monte Carmelo. Un mantel sumado de una cruz patada y cargado de una letra capital Q. Al timbre, corona real abierta. Observaciones: Esta marca conserva tres elementos del escudo carmelita: la cruz, el mantel / monte y la corona de tres florones, simplificación de la de 12 estrellas (sentido místico del Apocalipsis) (2) ---------- En 2006 Fermín Campos sugirió que la inicial Q es la sigla de la palabra ´Querétaro´. Ubicación de la marca en el libro: Portada”
500 ## - NOTA GENERAL
Nota general Estado físico: presenta encuadernación en pergamino y con cintas
650 14 - PUNTO DE ACCESO ADICIONAL DE MATERIA--TÉRMINO DE MATERIA
Término de materia o nombre geográfico como elemento de entrada Carmelitas
Subdivisión general Historia
9 (RLIN) 21751
856 ## - LOCALIZACIÓN Y ACCESO ELECTRÓNICOS
Nombre del host http://www.marcasdefuego.buap.mx:8180/xmLibris/projects/firebrand/item.jsp?repository=marcas_de_fuego&key=1cac16ac.xml&num=19
902 ## - CATALOGADOR
Iniciales CFM
942 ## - ELEMENTOS DE PUNTO DE ACCESO ADICIONAL (KOHA)
Fuente del sistema de clasificación o colocación Library of Congress Classification
Tipo de ítem Koha Libros
Holdings
Estado de retiro Estado de pérdida Estado dañado No para préstamo Localización permanente Ubicación/localización actual Fecha de adquisición Total de préstamos Signatura topográfica completa Código de barras Fecha visto por última vez Precio válido a partir de Tipo de ítem Koha
El ejemplar forma parte de la colección y puede ser consultado según las políticas vigentes.       Biblioteca del Museo Franz Mayer (Rogerio Casas-Alatriste) Biblioteca del Museo Franz Mayer (Rogerio Casas-Alatriste) 22/02/2017   BE95 .A58 1699 CFM00074 22/03/2019 22/03/2019 Libros